Groupes de metal par traduction 3 - Statistiques

Statistiques générales
  • Ce quiz a été pris 572 fois
  • Le résultat moyen est 13 sur 32
Statistiques - réponses
Hint Réponse % Correct
Fantôme Ghost
80%
Tête de machine Machine Head
78%
Ma romance chimique My Chemical Romance
78%
Apporte-moi l'horizon Bring me the horizon
72%
Loup puissant Powerwolf
63%
Une balle pour mon amoureuse Bullet for my valentine
62%
Ennemi de l'arche Arch Enemy
57%
Coup de poing mortel à 5 doigts Five Finger Death Punch
57%
La chute du marteau Hammerfall
57%
Mort au napalm Napalm death
55%
Le silence du suicide Suicide Silence
55%
Bain de sang Bloodbath
53%
Tendances suicidaires Suicidal Tendencies
51%
Usine à peur Fear Factory
44%
Pendant qu'elle dort While she sleeps
44%
Perturbé Disturbed
43%
Tranquillité sombre Dark Tranquillity
41%
Chair de dieu Godflesh
32%
Tueur Slayer
30%
Immobile en blanc Motionless in white
29%
Août brûle en rouge August burns red
28%
Au sein de la tentation Within Temptation
28%
Tempête de bière Alestorm
25%
Les animaux comme chefs Animals as leaders
24%
La décapitation du bétail Cattle Decapitation
21%
L'arbre du porc-épic Porcupine Tree
15%
Le paradis des sourds Deafheaven
14%
Toutes des sorcières All Them Witches
13%
Conduite sur la voie rapide Parkway Drive
12%
La chaise du bourreau Hangman's chair
5%
Mammouth OVNI Ufomammut
5%
L'église du malheur Church of Misery
4%
Aucun quiz correspondant
Distribution des résultats
% des personnes avec chaque résultat
Percentile par nombre de réponses
Votre historique - résultats
Vous n’avez pas pris ce quiz